| 000 | 00667 a2200169 4500 | ||
|---|---|---|---|
| 003 | Nust | ||
| 005 | 20230306094211.0 | ||
| 040 | _cNust | ||
| 082 | _a320,HUS | ||
| 100 |
_aHussain, A.M _9109759 |
||
| 245 |
_aCurrent Politics / _cA. M. Hussain & S.A Hussain |
||
| 260 |
_aPakistan _bCareer Acadmy _c1950 |
||
| 505 | _aA Per Lude to Modern Times (Page-1), An Introduction to Politics (Page-10), The United Nations Organisation (Page-65), An introduction to Economics (Page-98), Geography of Pakistan (Page-147), Government of Pakistan (Page-186), World Political Affairs (Page-261). | ||
| 600 |
_aA.M.Hussain _9109760 |
||
| 650 |
_aPolitics _951824 |
||
| 942 |
_2ddc _cBK |
||
| 999 |
_c185364 _d185364 |
||